000 00983nam a22002771 4500
999 _c10247
_d10247
001 10247
003 BD-JhCC
005 20180421184934.0
008 180421s1968 njua j 000 0 eng
035 _a(BD-JhCC)10247
040 _aDLC
_cDLC
_dDLC
_dBD-JhCC
041 _aeng
050 0 0 _aTP991
_b.S74
082 0 0 _a541
_bSTO 1968
100 1 _aStone, A. Harris.
245 1 4 _aThe chemistry of soap /
_cby A. Harris Stone and Bertram M. Siegel. Illustrated by Peter P. Plasencia.
260 _aEnglewood Cliffs, N.J. :
_bPrentice-Hall,
_c1968.
300 _a64 p.
_billus.
_c22 cm.
520 _aNumerous questions suggest simple experiments which demonstrate the chemical properties of soap, such as its solubility, density, capillarity, and emulsification. Includes glossary.
650 0 _aSoap
_xJuvenile literature.
650 1 _aSoap.
700 1 _aSiegel, Bertram M.,
700 1 _aPlasencia, Peter P.,
942 _2ddc
_cREF